[Event "Port Louis zt 4.3 (Women)"]
[Site "Port Louis"]
[Date "2016.04.29"]
[Round "7"]
[White "Marx, Inge"]
[Black "February, Jesse Nikki"]
[Result "1/2-1/2"]
[WhiteElo "1546"]
[BlackElo "1891"]
[PlyCount "82"]
[EventDate "2016.04.24"]
[EventType "tourn"]
[EventRounds "9"]
[EventCountry "MRI"]
[SourceTitle "CBM 172 Extra"]
[Source "ChessBase"]
[SourceDate "2016.06.21"]
[SourceVersion "1"]
[SourceVersionDate "2016.06.21"]
[SourceQuality "1"]

1. e4 e6 2. d4 d5 3. Nc3 Nf6 4. Bg5 Be7 5. e5 Nfd7 6. h4 Bxg5 7. hxg5 Qxg5 8. Qd3 g6 9. Nf3 Qe7 10. 0-0-0 a6 11. Qe3 c5 12. dxc5 Nc6 13. Kb1 Nxc5 14. Rxd5 exd5 15. Nxd5 Qd8 16. Qxc5 Ne7 17. Nf6+ Kf8 18. Be2 b6 19. Qe3 Nf5 20. Qe4 Ra7 21. g4 Ne7 22. Qf4 h5 23. gxh5 Nc6 24. Rd1 Qe7 25. h6 Bf5 26. h7 Qc5 27. Qh6+ Ke7 28. Ng8+ Ke8 29. Nf6+ Ke7 30. Ng8+ Ke8 31. Rd2 Nb4 32. Bd1 Rc7 33. Nf6+ Ke7 34. Nd5+ Nxd5 35. Qg7 Rcc8 36. Ng5 Be6 37. Bf3 Qb5 38. Nxe6 Nc3+ 39. Kc1 Nxa2+ 40. Kb1 Nc3+ 41. Kc1 Na2+ 1/2-1/2

[Event "RSA-ch U18/20 Girls"]
[Site "Bloemfontein"]
[Date "2016.03.24"]
[Round "8"]
[White "Mullah, Hamima"]
[Black "Marx, Inge"]
[Result "1/2-1/2"]
[WhiteElo "1160"]
[BlackElo "1678"]
[PlyCount "62"]
[EventDate "2016.03.20"]
[EventType "swiss"]
[EventRounds "11"]
[EventCountry "RSA"]
[SourceTitle "CBM 171 Extra"]
[Source "ChessBase"]
[SourceDate "2016.04.26"]
[SourceVersion "1"]
[SourceVersionDate "2016.04.26"]
[SourceQuality "1"]

1. e4 c5 2. Nc3 Nc6 3. g3 g6 4. Bg2 Bg7 5. d3 d6 6. f4 Nf6 7. Nf3 Bg4 8. 0-0 Bxf3 9. Qxf3 Nd4 10. Qd1 0-0 11. Ne2 Nxe2+ 12. Qxe2 Nd7 13. c3 Rb8 14. Be3 b5 15. a4 bxa4 16. Rxa4 Qb6 17. Rfa1 Qxb2 18. Qxb2 Rxb2 19. Rxa7 Re2 20. Rxd7 Rxe3 21. Rxe7 Rxd3 22. e5 dxe5 23. fxe5 Rxc3 24. Raa7 Re3 25. Bd5 Rxe5 26. Bxf7+ Kh8 27. Be6 Rf6 28. Rxg7 Rfxe6 29. Rxh7+ Kg8 30. Rhg7+ Kf8 31. Rgc7 Kg8 1/2-1/2

[Event "Johannesburg Africa op (Women)"]
[Site "Johannesburg"]
[Date "2015.08.10"]
[Round "7"]
[White "Marx, Inge"]
[Black "Voges, Rachelle Mari"]
[Result "1-0"]
[WhiteElo "1611"]
[BlackElo "1607"]
[PlyCount "140"]
[EventDate "2015.08.07"]
[EventType "swiss"]
[EventRounds "7"]
[EventCountry "RSA"]
[SourceTitle "EXT 2016"]
[Source "ChessBase"]
[SourceDate "2015.10.08"]
[SourceVersion "1"]
[SourceVersionDate "2015.10.08"]
[SourceQuality "1"]

1. e4 e6 2. d4 d5 3. Nc3 Nf6 4. Bg5 Be7 5. e5 Nfd7 6. h4 a6 7. Qg4 Bxg5 8. hxg5 g6 9. 0-0-0 c5 10. Nf3 cxd4 11. Qxd4 Nc6 12. Qe3 Qb6 13. Nd4 Kf8 14. f4 Qc7 15. Qh3 Nxd4 16. Rxd4 b5 17. Qh6+ Kg8 18. g4 Qc5 19. Rd3 Qf8 20. Qxf8+ Kxf8 21. Rdh3 Kg7 22. Bd3 Bb7 23. R1h2 Rac8 24. Ne2 Nc5 25. Nd4 Nxd3+ 26. Rxd3 b4 27. f5 exf5 28. gxf5 Rce8 29. f6+ Kg8 30. Re3 Kf8 31. Nb3 Rc8 32. Na5 Ba8 33. Rh4 Rb8 34. Rb3 Ke8 35. Rhxb4 Rxb4 36. Rxb4 Kd7 37. Rb6 h5 38. gxh6 Rxh6 39. Rxa6 Rh8 40. Ra7+ Ke6 41. Re7+ Kf5 42. Nb3 Rh1+ 43. Kd2 Rh2+ 44. Kc3 Rh3+ 45. Kb4 Rh4+ 46. Kc5 Rc4+ 47. Kd6 Rc6+ 48. Kd7 Ra6 49. Nd4+ Ke4 50. c3 Rxa2 51. Rxf7 Kxe5 52. Nf3+ Kf5 53. Rf8 Ra7+ 54. Kd8 Ke6 55. Nd4+ Ke5 56. f7 Kf6 57. Nb5 Rb7 58. Nd6 Rb8+ 59. Nc8 Rxb2 60. Nd6 Rb8+ 61. Nc8 Kg7 62. Ke7 Rb7+ 63. Ke8 Kf6 64. Kd8 Rxf7 65. Rxf7+ Kxf7 66. Nb6 Bb7 67. Kc7 g5 68. Kxb7 g4 69. Nxd5 g3 70. Ne3 Ke6 1-0

[Event "RSA-ch U16 Girls"]
[Site "Waterkloof"]
[Date "2015.04.04"]
[Round "2"]
[White "Chetty, Caitlin"]
[Black "Marx, Inge"]
[Result "0-1"]
[WhiteElo "1424"]
[BlackElo "1664"]
[PlyCount "40"]
[EventDate "2015.04.04"]
[EventType "swiss"]
[EventRounds "9"]
[EventCountry "RSA"]
[SourceTitle "CBM 166 Extra"]
[Source "ChessBase"]
[SourceDate "2015.06.18"]
[SourceVersion "1"]
[SourceVersionDate "2015.06.18"]
[SourceQuality "1"]

1. e4 c5 2. Nf3 d6 3. d4 cxd4 4. Nxd4 Nf6 5. Nc3 g6 6. Be3 Bg7 7. f3 0-0 8. Qd2 Nc6 9. 0-0-0 Nxd4 10. Bxd4 Be6 11. g4 Qa5 12. b3 Rfc8 13. h4 Bxb3 14. cxb3 e5 15. Be3 Rxc3+ 16. Kb1 Rac8 17. Bd3 d5 18. Rc1 d4 19. Bh6 R8c6 20. Bxg7 Rxc1+ 0-1

[Event "Africa-ch U16 Girls"]
[Site "Monastir"]
[Date "2014.12.23"]
[Round "5.1"]
[White "Marx, Inge"]
[Black "Ben Said, Safa"]
[Result "1-0"]
[WhiteElo "1524"]
[BlackElo "1620"]
[PlyCount "69"]
[EventDate "2014.12.21"]
[EventType "swiss"]
[EventRounds "9"]
[EventCountry "TUN"]
[SourceTitle "EXT 2024"]
[Source "ChessBase"]
[SourceDate "2023.10.10"]
[SourceVersion "1"]
[SourceVersionDate "2023.10.10"]
[SourceQuality "1"]

1. e4 e6 2. d4 d5 3. Nc3 Nf6 4. Bg5 Be7 5. e5 Nfd7 6. h4 Bxg5 7. hxg5 Qxg5 8. Qd3 g6 9. Nf3 Qe7 10. Qe3 a6 11. Bd3 Nc6 12. 0-0-0 Nb6 13. Rh6 Bd7 14. Rdh1 0-0-0 15. Rxh7 Rxh7 16. Rxh7 Qf8 17. Qf4 Be8 18. g3 Nc4 19. Bxc4 dxc4 20. Qf6 Qb4 21. Rh8 Qe7 22. Ne4 Qd7 23. c3 Ne7 24. Nc5 Qd5 25. Qxe7 Bc6 26. Rxd8+ Qxd8 27. Qxf7 Qh8 28. Qxe6+ Kb8 29. Nd2 Qh1+ 30. Kc2 Bf3 31. Nxf3 Qxf3 32. Qxc4 Qxf2+ 33. Kb3 Qxg3 34. Qg8+ Ka7 35. Nd7 1-0

[Event "Africa-ch U16 Girls"]
[Site "Monastir"]
[Date "2014.12.22"]
[Round "3.2"]
[White "Marx, Inge"]
[Black "Pillay, Genevieve"]
[Result "1-0"]
[WhiteElo "1524"]
[BlackElo "1362"]
[PlyCount "102"]
[EventDate "2014.12.21"]
[EventType "swiss"]
[EventRounds "9"]
[EventCountry "TUN"]
[SourceTitle "EXT 2024"]
[Source "ChessBase"]
[SourceDate "2023.10.10"]
[SourceVersion "1"]
[SourceVersionDate "2023.10.10"]
[SourceQuality "1"]

1. e4 e5 2. Nf3 Nc6 3. Bc4 Bc5 4. c3 Nf6 5. d3 h6 6. Nbd2 0-0 7. Bb3 d5 8. Qe2 Re8 9. h3 d4 10. Nf1 Qd6 11. Ng3 Be6 12. Bc2 Bb6 13. 0-0 Ba5 14. b4 Bb6 15. b5 Ne7 16. cxd4 Bxd4 17. Nxd4 Qxd4 18. Be3 Qd7 19. a4 a6 20. Rfb1 axb5 21. Rxb5 b6 22. Rxe5 Nc6 23. Rb5 Nd4 24. Bxd4 Qxd4 25. Rbb1 Bd7 26. Qe3 Qd6 27. Ne2 Ra5 28. Qd4 Qxd4 29. Nxd4 Rea8 30. Rc1 c5 31. Nf5 Bxa4 32. Bxa4 Rxa4 33. Rab1 R4a6 34. Ne3 Rd8 35. Rc3 Nd7 36. Nc4 Rb8 37. Rcb3 Kf8 38. f4 f6 39. Kf2 Ke7 40. Kf3 Kd8 41. Kg4 Kc7 42. Kh5 Re8 43. Kg6 Re7 44. Ne3 Nf8+ 45. Kh5 Kc6 46. Nd5 Kb7 47. d4 Nd7 48. Nxe7 Kc7 49. Nd5+ Kc6 50. dxc5 Nxc5 51. Nb4+ Kb5 1-0

[Event "Africa-ch U16 Girls"]
[Site "Monastir"]
[Date "2014.12.21"]
[Round "1.3"]
[White "Marx, Inge"]
[Black "Wafa, Shahenda"]
[Result "0-1"]
[WhiteElo "1524"]
[BlackElo "1982"]
[PlyCount "106"]
[EventDate "2014.12.21"]
[EventType "swiss"]
[EventRounds "9"]
[EventCountry "TUN"]
[SourceTitle "EXT 2024"]
[Source "ChessBase"]
[SourceDate "2023.10.10"]
[SourceVersion "1"]
[SourceVersionDate "2023.10.10"]
[SourceQuality "1"]

1. e4 c5 2. Nc3 Nc6 3. f4 g6 4. Nf3 Bg7 5. Bb5 Nd4 6. 0-0 a6 7. Bd3 e6 8. b3 b5 9. Rb1 Ne7 10. Qe1 Nec6 11. f5 0-0 12. Bb2 d5 13. fxg6 fxg6 14. Kh1 Nxf3 15. Rxf3 Rxf3 16. gxf3 Nd4 17. Qf2 c4 18. bxc4 bxc4 19. Bf1 Nxc2 20. Ne2 Rb8 21. Bf6 Qc7 22. Bd8 Qe5 23. Rxb8 Qxb8 24. Qb6 Qxb6 25. Bxb6 Bb7 26. Bg2 Ne1 27. Bh3 dxe4 28. Bxe6+ Kf8 29. fxe4 Bxe4+ 30. Kg1 Nf3+ 31. Kf2 Nxd2 32. Ba5 Bh6 33. Bb4+ Ke8 34. Bxd2 Bxd2 35. Bxc4 a5 36. Ng3 Bc6 37. Ke2 Bf4 38. Nf1 Ke7 39. h4 Kf6 40. Nd2 Bxd2 41. Kxd2 Kf5 42. Bg8 h5 43. Bf7 Be4 44. Ke3 Bc6 45. Kd4 Kf6 46. Kc5 Kxf7 47. Kxc6 g5 48. Kd5 gxh4 49. Ke4 Ke6 50. Kf3 Kd5 51. Kg2 Kc4 52. Kh3 a4 53. Kxh4 Kc3 0-1

[Event "World ol U16"]
[Site "Gyor"]
[Date "2014.12.19"]
[Round "8.4"]
[White "Marx, Inge"]
[Black "Kovacs, Judit"]
[Result "0-1"]
[WhiteElo "1524"]
[BlackElo "1849"]
[PlyCount "124"]
[EventDate "2014.12.13"]
[EventType "team-swiss"]
[EventRounds "10"]
[EventCountry "HUN"]
[SourceTitle "EXT 2016"]
[Source "ChessBase"]
[SourceDate "2015.10.08"]
[SourceVersion "1"]
[SourceVersionDate "2015.10.08"]
[SourceQuality "1"]
[WhiteTeam "South Africa II"]
[BlackTeam "Hungary Girls"]
[WhiteTeamCountry "RSA"]
[BlackTeamCountry "HUN"]

1. e4 c5 2. Nc3 e6 3. f4 d5 4. Nf3 dxe4 5. Nxe4 a6 6. b3 Nf6 7. Nf2 Bd6 8. g3 b6 9. Bg2 Bb7 10. Bb2 Nbd7 11. 0-0 Qc7 12. c4 0-0 13. Qc2 Rfe8 14. Rae1 e5 15. fxe5 Nxe5 16. Nd3 Ned7 17. Rf2 Rxe1+ 18. Ndxe1 Re8 19. d4 cxd4 20. Bxd4 Bc5 21. Bxc5 Qxc5 22. Nd3 Qe3 23. Kf1 Be4 24. Nfe1 Bxd3+ 25. Nxd3 Ng4 26. Qe2 Nxf2 27. Qxe3 Rxe3 28. Nxf2 Kf8 29. Bd5 Nf6 30. Bb7 a5 31. Nd1 Re5 32. h3 Ke7 33. g4 h6 34. Kf2 Kd6 35. Nc3 h5 36. Bf3 hxg4 37. hxg4 Kc5 38. Na4+ Kb4 39. Nxb6 Ka3 40. Bd1 Kxa2 41. Na4 Nd7 42. Nc3+ Ka3 43. Nb5+ Kb4 44. Nd6 Re6 45. Nf5 g6 46. Nd4 Rd6 47. Ke3 Kc5 48. b4+ axb4 49. Nb3+ Kxc4 50. Nd2+ Kb5 51. Be2+ Kc6 52. Bf3+ Kc7 53. Nc4 Ra6 54. Bd5 f6 55. Be4 Ne5 56. Nxe5 fxe5 57. Kd2 Kd6 58. Bxg6 Kc5 59. Bb1 Kd4 60. g5 e4 61. Ke2 Rg6 62. Kd2 Rxg5 0-1

[Event "World ol U16"]
[Site "Gyor"]
[Date "2014.12.16"]
[Round "5.4"]
[White "Poliakova, Emma"]
[Black "Marx, Inge"]
[Result "0-1"]
[WhiteElo "1679"]
[BlackElo "1524"]
[PlyCount "114"]
[EventDate "2014.12.13"]
[EventType "team-swiss"]
[EventRounds "10"]
[EventCountry "HUN"]
[SourceTitle "EXT 2016"]
[Source "ChessBase"]
[SourceDate "2015.10.08"]
[SourceVersion "1"]
[SourceVersionDate "2015.10.08"]
[SourceQuality "1"]
[WhiteTeam "Slovakia Middle"]
[BlackTeam "South Africa II"]
[WhiteTeamCountry "SVK"]
[BlackTeamCountry "RSA"]

1. e4 c5 2. Nf3 d6 3. d4 cxd4 4. Nxd4 Nf6 5. Nc3 g6 6. Be3 Bg7 7. f3 0-0 8. Bc4 Nc6 9. Qd2 Bd7 10. h4 Qa5 11. Bb3 Rfc8 12. Nxc6 bxc6 13. g4 c5 14. Bc4 Rab8 15. Nd1 Qb4 16. Ba6 Rc6 17. c3 Nxe4 18. Qc2 Qa5 19. Qxe4 Qxa6 20. h5 Re8 21. hxg6 fxg6 22. Bh6 Rcc8 23. Ne3 Qc6 24. Qc4+ d5 25. Qd3 e6 26. Bxg7 Kxg7 27. Kf2 Qb5 28. Qd2 Rb8 29. b3 Qc6 30. Rad1 Rf8 31. Rh3 Rbd8 32. Rdh1 Rh8 33. Ng2 e5 34. Qg5 Rde8 35. Rh6 Qe6 36. Qh4 Qg8 37. Ke3 d4+ 38. Kd3 Bb5+ 39. c4 Bc6 40. Qh3 Bxf3 41. g5 e4+ 42. Kd2 Re7 43. Rh4 Bxg2 44. Qxg2 e3+ 45. Ke2 Qd8 46. Qd5 Qxd5 47. cxd5 Rd7 48. Re4 Rxd5 49. Re7+ Kf8 50. Rxa7 Rxg5 51. a4 Rg2+ 52. Kd3 Rd2+ 53. Kc4 Rc2+ 54. Kd3 Rd2+ 55. Kc4 e2 56. Re1 d3 57. Kc3 Rd1 0-1

[Event "World ol U16"]
[Site "Gyor"]
[Date "2014.12.15"]
[Round "4.4"]
[White "Uuriintuya, Uurtsaikh"]
[Black "Marx, Inge"]
[Result "1/2-1/2"]
[WhiteElo "1875"]
[BlackElo "1524"]
[PlyCount "152"]
[EventDate "2014.12.13"]
[EventType "team-swiss"]
[EventRounds "10"]
[EventCountry "HUN"]
[SourceTitle "EXT 2016"]
[Source "ChessBase"]
[SourceDate "2015.10.08"]
[SourceVersion "1"]
[SourceVersionDate "2015.10.08"]
[SourceQuality "1"]
[WhiteTeam "Mongolia"]
[BlackTeam "South Africa II"]
[WhiteTeamCountry "MGL"]
[BlackTeamCountry "RSA"]

1. e4 c5 2. Nf3 d6 3. d4 cxd4 4. Nxd4 Nf6 5. Nc3 g6 6. Be3 Bg7 7. f3 0-0 8. Qd2 Nc6 9. 0-0-0 Nxd4 10. Bxd4 Be6 11. Kb1 Qc7 12. g4 Rfc8 13. h4 Qa5 14. a3 Rab8 15. h5 b5 16. h6 b4 17. axb4 Qxb4 18. Nd5 Nxd5 19. exd5 Bxd5 20. Bxg7 Bxf3 21. Qxb4 Rxb4 22. Bh3 Bxh1 23. Rxh1 f6 24. Re1 Kf7 25. Bg2 Rc5 26. Bf3 Rcb5 27. Kc1 Ra5 28. Re3 Rbb5 29. c4 Re5 30. Rb3 Rac5 31. Rc3 a5 32. Bd5+ e6 33. Bg2 d5 34. cxd5 Rxc3+ 35. bxc3 exd5 36. Bf3 a4 37. Kb2 Ke6 38. Bf8 Re3 39. Bd1 a3+ 40. Bxa3 Rh3 41. Bf8 f5 42. gxf5+ Kxf5 43. Ba4 Rh2+ 44. Kc1 Ke4 45. Bc2+ Ke3 46. Be7 Rh1+ 47. Kb2 Kf4 48. Bf8 Ke5 49. Kb3 Rh3 50. Kb4 Rh2 51. Bg7+ Kf4 52. Bb3 Rd2 53. Kc5 Ke4 54. Bd4 g5 55. Bxd5+ Kf5 56. Kd6 Kg6 57. Bg7 g4 58. c4 g3 59. Kc6 g2 60. Bxg2 Rxg2 61. c5 Rc2 62. Kd6 Rd2+ 63. Ke6 Rc2 64. Kd6 Rd2+ 65. Kc7 Rc2 66. c6 Kf7 67. Kd7 Rd2+ 68. Kc8 Rc2 69. c7 Rxc7+ 70. Kxc7 Kg8 71. Kd7 Kf7 72. Bd4 Kg8 73. Ke6 Kf8 74. Kf6 Kg8 75. Be5 Kf8 76. Bd6+ Kg8 1/2-1/2

[Event "Wch U14 Girls"]
[Site "Al Ain"]
[Date "2013.12.24"]
[Round "8"]
[White "Marx, Inge"]
[Black "Kamal, Jalal Aden"]
[Result "1-0"]
[WhiteElo "1468"]
[BlackElo "1593"]
[PlyCount "84"]
[EventDate "2013.12.18"]
[EventType "swiss"]
[EventRounds "11"]
[EventCountry "UAE"]
[SourceTitle "CBM 158 Extra"]
[Source "ChessBase"]
[SourceDate "2014.02.28"]
[SourceVersion "1"]
[SourceVersionDate "2014.02.28"]
[SourceQuality "1"]

1. d4 d5 2. c4 e6 3. cxd5 exd5 4. Nc3 Nf6 5. Bg5 Be7 6. Nf3 h6 7. Bh4 0-0 8. e3 c6 9. Qc2 Be6 10. Bd3 Nbd7 11. 0-0 Bd6 12. Rab1 Qc7 13. Bg3 Nh5 14. Nb5 cxb5 15. Qxc7 Bxc7 16. Bxc7 a6 17. Rfc1 Nhf6 18. Ne5 Nxe5 19. Bxe5 Rac8 20. b3 Ne4 21. f3 Nc3 22. Ra1 b4 23. Bd6 Rfe8 24. Bxb4 Bd7 25. Rxc3 Rxc3 26. Bxc3 Rxe3 27. Rd1 Bb5 28. Bxb5 Rxc3 29. Bd3 Kf8 30. Kf2 Ke7 31. Ke2 Rc6 32. Kd2 Re6 33. Re1 Rxe1 34. Kxe1 Ke6 35. Kd2 Kd6 36. Kc3 Kc6 37. a3 g6 38. h3 h5 39. g3 Kd6 40. Kb4 Kc6 41. Ka5 Kc7 42. Bxa6 Kd8 1-0

[Event "Wch U14 Girls"]
[Site "Al Ain"]
[Date "2013.12.23"]
[Round "7"]
[White "Cimpean, Andra"]
[Black "Marx, Inge"]
[Result "1/2-1/2"]
[WhiteElo "1657"]
[BlackElo "1468"]
[PlyCount "95"]
[EventDate "2013.12.18"]
[EventType "swiss"]
[EventRounds "11"]
[EventCountry "UAE"]
[SourceTitle "CBM 158 Extra"]
[Source "ChessBase"]
[SourceDate "2014.02.28"]
[SourceVersion "1"]
[SourceVersionDate "2014.02.28"]
[SourceQuality "1"]

1. e4 c5 2. c3 d5 3. exd5 Qxd5 4. d4 Nf6 5. Nf3 Bg4 6. Be2 e6 7. h3 Bh5 8. 0-0 Be7 9. Be3 cxd4 10. cxd4 0-0 11. Nc3 Qd8 12. g4 Bg6 13. Ne5 Nc6 14. Bf3 Nxe5 15. dxe5 Nd7 16. Bxb7 Rb8 17. Bg2 Nxe5 18. Bxa7 Rxb2 19. Ne4 Nc6 20. Qxd8 Rxd8 21. Be3 Nb4 22. a4 Nc2 23. Rac1 Nxe3 24. fxe3 Rxg2+ 25. Kxg2 Bxe4+ 26. Kg1 g6 27. Rc7 Bg5 28. Rfxf7 Bxe3+ 29. Kf1 Rf8 30. Rxf8+ Kxf8 31. Rxh7 Bc6 32. a5 Bd4 33. Rc7 Bb5+ 34. Ke1 e5 35. h4 e4 36. h5 gxh5 37. gxh5 e3 38. h6 e2 39. h7 Be5 40. Rc8+ Ke7 41. Rc1 Kf7 42. h8Q Bxh8 43. Rc2 Be5 44. Rxe2 Bc3+ 45. Kf2 Bxa5 46. Ra2 Bb6+ 47. Ke1 Ke6 48. Rb2 1/2-1/2

[Event "Wch U14 Girls"]
[Site "Al Ain"]
[Date "2013.12.20"]
[Round "3"]
[White "Priyanka, K."]
[Black "Marx, Inge"]
[Result "1-0"]
[WhiteElo "1811"]
[BlackElo "1468"]
[PlyCount "47"]
[EventDate "2013.12.18"]
[EventType "swiss"]
[EventRounds "11"]
[EventCountry "UAE"]
[SourceTitle "CBM 158 Extra"]
[Source "ChessBase"]
[SourceDate "2014.02.28"]
[SourceVersion "1"]
[SourceVersionDate "2014.02.28"]
[SourceQuality "1"]

1. e4 c5 2. Nf3 a6 3. c3 d5 4. exd5 Qxd5 5. d4 e6 6. Be2 Nf6 7. 0-0 Bd6 8. Re1 0-0 9. a3 Nbd7 10. c4 Qc6 11. Nc3 b6 12. dxc5 Bxc5 13. Nd4 Qc7 14. Be3 Bb7 15. Qc2 Ne5 16. b3 Rad8 17. Rad1 Ba8 18. Bf1 Rd6 19. f4 Ng6 20. f5 exf5 21. Nxf5 Rxd1 22. Qxd1 Bxe3+ 23. Nxe3 Qg3 24. hxg3 1-0

[Event "Wch U12 Girls"]
[Site "Caldas Novas"]
[Date "2011.11.23"]
[Round "6"]
[White "Marx, Inge"]
[Black "Bauyrzhan, Arnash"]
[Result "0-1"]
[WhiteElo "1630"]
[BlackElo "1845"]
[PlyCount "73"]
[EventDate "2011.11.18"]
[EventType "swiss"]
[EventRounds "9"]
[EventCountry "BRA"]
[SourceTitle "EXT 2013"]
[Source "ChessBase"]
[SourceDate "2012.11.22"]
[SourceVersion "1"]
[SourceVersionDate "2012.11.22"]
[SourceQuality "1"]

1. d4 d5 2. c4 e6 3. cxd5 exd5 4. Nc3 Nf6 5. Bg5 Be7 6. Nf3 h6 7. Bh4 0-0 8. e3 Bf5 9. Qb3 g5 10. Bg3 b6 11. Be2 c6 12. 0-0 Bd6 13. Bxd6 Qxd6 14. Rac1 Nbd7 15. h3 c5 16. Nb5 Qb8 17. Qc3 a6 18. Ne5 axb5 19. Nc6 Qd6 20. Bxb5 Ne4 21. dxc5 bxc5 22. Qb3 Nd2 23. Qc3 Nxf1 24. Rxf1 Rfc8 25. Rd1 Rxc6 26. Bxc6 Qxc6 27. g4 Be4 28. b4 Qb5 29. bxc5 Qe2 30. Re1 Qf3 31. Kf1 Qxh3+ 32. Ke2 Rxa2+ 33. Kd1 Qxg4+ 34. Kc1 Rc2+ 35. Qxc2 Bxc2 36. Kxc2 Nxc5 37. Rb1 0-1

[Event "Wch U12 Girls"]
[Site "Caldas Novas"]
[Date "2011.11.22"]
[Round "5"]
[White "Mammadzada, Gunay Vuqar Qizi"]
[Black "Marx, Inge"]
[Result "1-0"]
[WhiteElo "1857"]
[BlackElo "1630"]
[PlyCount "73"]
[EventDate "2011.11.18"]
[EventType "swiss"]
[EventRounds "9"]
[EventCountry "BRA"]
[SourceTitle "EXT 2013"]
[Source "ChessBase"]
[SourceDate "2012.11.22"]
[SourceVersion "1"]
[SourceVersionDate "2012.11.22"]
[SourceQuality "1"]

1. e4 c5 2. Nf3 e6 3. d4 cxd4 4. Nxd4 Nf6 5. Nc3 d6 6. Bc4 Be7 7. Be3 Nc6 8. Qe2 a6 9. 0-0-0 Qc7 10. Bb3 Nxd4 11. Bxd4 0-0 12. Rhg1 b5 13. g4 b4 14. g5 Nd7 15. Na4 a5 16. Qh5 Ba6 17. Rg3 Rfc8 18. Rh3 Nf8 19. Nb6 Rab8 20. Nxc8 Rxc8 21. f4 Bb5 22. f5 a4 23. g6 fxg6 24. fxg6 h6 25. Qf3 Bg5+ 26. Kb1 axb3 27. Qxb3 Bc4 28. Qxb4 Bf1 29. Rc3 Rb8 30. Rxc7 Nd7 31. Qxd6 Rf8 32. Qxe6+ Kh8 33. Bxg7+ Kxg7 34. Rcxd7+ Be7 35. Rxe7+ Rf7 36. Rxf7+ Kg8 37. Rd8# 1-0

[Event "GER-chA U25"]
[Site "Oberhof"]
[Date "2011.06.17"]
[Round "8"]
[White "Ehlers, Michael2222"]
[Black "Marx, Inge"]
[Result "1-0"]
[WhiteElo "1932"]
[BlackElo "1773"]
[PlyCount "65"]
[EventDate "2011.06.11"]
[EventType "swiss"]
[EventRounds "9"]
[EventCountry "GER"]
[SourceTitle "CBM 142 Extra"]
[Source "ChessBase"]
[SourceDate "2011.06.27"]
[SourceVersion "1"]
[SourceVersionDate "2011.06.27"]
[SourceQuality "1"]

1. e4 c5 2. Nf3 Nc6 3. d4 cxd4 4. Nxd4 e5 5. Nb5 a6 6. Nd6+ Bxd6 7. Qxd6 Qf6 8. Qd1 Qg6 9. Nc3 Nge7 10. Be3 d5 11. exd5 Nb4 12. Rc1 Bf5 13. d6 Rd8 14. Bc5 Nxc2+ 15. Rxc2 Bxc2 16. Qf3 Nc6 17. Bc4 Qf5 18. Qe2 e4 19. Nd5 Ba4 20. Nc7+ Kd7 21. Qe3 Ne5 22. Be2 Bc6 23. 0-0 h5 24. b4 Rh6 25. b5 axb5 26. Nxb5 Ng4 27. Qd4 Rg6 28. Na7 Ra8 29. Nxc6 Kxc6 30. Bb4 Kd7 31. Qb6 Ke8 32. Qxb7 Qe5 33. Bb5+ 1-0